000
00281nam a22001337a 4500
008
170530b xxu||||| |||| 00| 0 eng d
020
_a
9780465011148
041
_a
eng
080
_a
94(100)
100
_a
17
101
_a
SHH
245
_a
CRY HAVOC
_c
MAIOLO,J
942
_2
udc
_c
BK
999
_c
15029
_d
15029